[Event "Pan American Intercollegiate-chT"]
[Site "Kenner"]
[Date "2016.12.28"]
[Round "2.1"]
[White "Nyzhnyk, Illya"]
[Black "Sakai, Hibiki"]
[Result "1-0"]
[WhiteElo "2616"]
[BlackElo "2097"]
[PlyCount "109"]
[EventDate "2016.12.27"]
[EventType "team-swiss"]
[EventRounds "6"]
[EventCountry "USA"]
[SourceTitle "CBM 176 Extra"]
[Source "ChessBase"]
[SourceDate "2017.03.02"]
[SourceVersion "1"]
[SourceVersionDate "2017.03.02"]
[SourceQuality "1"]
[WhiteTeam "Webster Univ"]
[BlackTeam "Pittsburgh Univ"]
[WhiteTeamCountry "USA"]
[BlackTeamCountry "USA"]

1. d4 d5 2. c4 c6 3. Nf3 Nf6 4. Nc3 e6 5. g3 dxc4 6. Bg2 Nbd7 7. a4 a5 8. 0-0 Bb4 9. Qc2 0-0 10. e4 Qe7 11. e5 Nd5 12. Ng5 f5 13. exf6 N7xf6 14. Re1 h6 15. Nf3 b5 16. Ne5 Qb7 17. Bd2 Bd7 18. Rad1 Rad8 19. h4 Be8 20. Bh3 Rd6 21. g4 Qe7 22. Bg2 Nc7 23. g5 Nh5 24. Qe4 c5 25. Be3 cxd4 26. Rxd4 Bc5 27. Rxd6 Qxd6 28. axb5 Nxb5 29. Nxb5 Bxb5 30. gxh6 Rf5 31. h7+ Kh8 32. Qxf5 exf5 33. Nf7+ Kxh7 34. Nxd6 Bxd6 35. Rd1 Bb4 36. Rd5 Ba4 37. Rxf5 Nf6 38. Bd4 Bc2 39. Rb5 Ne8 40. Rb7 Kh6 41. Bc6 Nf6 42. Bb5 Bb3 43. Rc7 Bc2 44. Bxc4 Be4 45. Ra7 Bc6 46. Bxf6 gxf6 47. Ra6 Bd7 48. Rxf6+ Kh5 49. Be6 Ba4 50. b3 Be8 51. Bf7+ Bxf7 52. Rxf7 Kxh4 53. Rf4+ Kg5 54. Rxb4 axb4 55. Kf1 1-0

[Event "Arlington DC op 1st"]
[Site "Arlington"]
[Date "2013.07.01"]
[Round "9"]
[White "Wheeler, Cameron"]
[Black "Sakai, Hibiki"]
[Result "1-0"]
[WhiteElo "2219"]
[BlackElo "2083"]
[PlyCount "55"]
[EventDate "2013.06.27"]
[EventType "swiss"]
[EventRounds "9"]
[EventCountry "USA"]
[SourceTitle "CBM 155 Extra"]
[Source "ChessBase"]
[SourceDate "2013.08.26"]
[SourceVersion "1"]
[SourceVersionDate "2013.08.26"]
[SourceQuality "1"]

1. c4 Nf6 2. g3 c6 3. Nf3 d5 4. Bg2 Bf5 5. cxd5 cxd5 6. Qb3 Qb6 7. Qxb6 axb6 8. d3 Nc6 9. Be3 Nb4 10. Na3 Rxa3 11. bxa3 Nc2+ 12. Kd2 Nxa1 13. Rxa1 e6 14. Rb1 Nd7 15. Bxb6 Nxb6 16. Rxb6 Bxa3 17. Rxb7 0-0 18. Kc3 Ra8 19. Kb3 Bc5 20. d4 Bd6 21. a4 Rc8 22. a5 Bc2+ 23. Kb2 Ba4 24. Ne5 f6 25. Nd3 Ra8 26. Rb6 Bc7 27. Rxe6 Rxa5 28. Nc5 1-0

[Event "Arlington DC op 1st"]
[Site "Arlington"]
[Date "2013.06.28"]
[Round "3"]
[White "Vibbert, Sean"]
[Black "Sakai, Hibiki"]
[Result "1-0"]
[WhiteElo "2256"]
[BlackElo "2083"]
[PlyCount "179"]
[EventDate "2013.06.27"]
[EventType "swiss"]
[EventRounds "9"]
[EventCountry "USA"]
[SourceTitle "CBM 155 Extra"]
[Source "ChessBase"]
[SourceDate "2013.08.26"]
[SourceVersion "1"]
[SourceVersionDate "2013.08.26"]
[SourceQuality "1"]

1. e4 e6 2. d4 d5 3. Nc3 Nf6 4. Bg5 dxe4 5. Nxe4 Be7 6. Bxf6 gxf6 7. Nf3 f5 8. Ng3 c5 9. dxc5 Qxd1+ 10. Rxd1 Bxc5 11. Ne5 a6 12. Be2 Nd7 13. Nd3 Be7 14. f4 b6 15. Bf3 Ra7 16. Ke2 Rc7 17. c3 a5 18. Kf2 Ba6 19. Ne2 0-0 20. h3 Nc5 21. Nxc5 Bxc5+ 22. Nd4 Rd8 23. Rd2 f6 24. Re1 Re7 25. Be2 Bc8 26. Kf1 e5 27. Bc4+ Kh8 28. Nb3 Rxd2 29. Nxd2 e4 30. Nb3 Bd6 31. g3 Rc7 32. Bb5 Kg7 33. a4 Kf7 34. Rd1 Ke7 35. Nd4 Bc5 36. Nc6+ Kf7 37. Ke2 Kg7 38. b4 axb4 39. cxb4 Bf8 40. Rd8 Bd7 41. Nd4 Bc8 42. a5 bxa5 43. bxa5 Bc5 44. Rxc8 Rxc8 45. Ne6+ Kf7 46. Bd7 Ra8 47. Nxc5 Rxa5 48. Nb3 Rd5 49. Bc8 h5 50. Nd2 Rc5 51. Bd7 Ke7 52. Ba4 Rc3 53. Nf1 h4 54. gxh4 Rxh3 55. Ne3 Kf8 56. Nxf5 Rf3 57. Nd4 Rh3 58. Bc6 Rxh4 59. Ke3 Rh2 60. Kxe4 Ke7 61. Nf5+ Ke6 62. Bd5+ Kd7 63. Bc4 Rd2 64. Ne3 Ke7 65. Kf5 Rd6 66. Nd5+ Kf7 67. Nxf6+ Ke7 68. Ne4 Rc6 69. Bd5 Ra6 70. Ke5 Rb6 71. f5 Ra6 72. f6+ Kf8 73. Ng5 Rxf6 74. Kxf6 Ke8 75. Be6 Kf8 76. Nh7+ Ke8 77. Ke5 Ke7 78. Kd5 Kd8 79. Kd6 Ke8 80. Bd5 Kd8 81. Bc6 Kc8 82. Nf8 Kd8 83. Ne6+ Kc8 84. Kc5 Kb8 85. Kb6 Kc8 86. Bb5 Kb8 87. Bd7 Ka8 88. Nc7+ Kb8 89. Na6+ Ka8 90. Bc6# 1-0

[Event "Wch U16"]
[Site "Porto Carras"]
[Date "2010.10.24"]
[Round "5"]
[White "Bukavshin, Ivan"]
[Black "Sakai, Hibiki"]
[Result "1-0"]
[WhiteElo "2430"]
[BlackElo "1983"]
[PlyCount "89"]
[EventDate "2010.10.20"]
[EventType "swiss"]
[EventRounds "11"]
[EventCountry "GRE"]
[SourceTitle "EXT 2011"]
[Source "ChessBase"]
[SourceDate "2010.11.26"]
[SourceVersion "1"]
[SourceVersionDate "2010.11.26"]
[SourceQuality "1"]

1. e4 c5 2. Nf3 d6 3. d4 cxd4 4. Nxd4 Nf6 5. Nc3 a6 6. Be3 e5 7. Nb3 Be6 8. Qd2 Be7 9. 0-0-0 Ng4 10. g3 Nxe3 11. Qxe3 Nd7 12. Kb1 Qc7 13. f4 Nb6 14. f5 Bc4 15. Bxc4 Nxc4 16. Nd5 Qd8 17. Qe2 b5 18. h4 Rc8 19. Nd2 Nb6 20. Nxb6 Qxb6 21. Nf1 Rc4 22. c3 Qb7 23. Rd5 0-0 24. Qd3 Rfc8 25. Ne3 R4c6 26. a3 Bd8 27. Nc2 Be7 28. g4 Rc5 29. Ne3 a5 30. g5 b4 31. cxb4 axb4 32. a4 b3 33. Rxc5 dxc5 34. Qc4 Ra8 35. Rd1 Qc6 36. Nd5 Bf8 37. f6 Rxa4 38. Ne7+ Bxe7 39. fxe7 g6 40. Qd5 Ra1+ 41. Kxa1 Qa4+ 42. Kb1 Qa2+ 43. Kc1 Qa1+ 44. Kd2 Qxb2+ 45. Ke3 1-0